Movies Quiz

Random Movies or Director Quiz

Fill-in-the-Blank: Missing Women Quiz Stats

Quiz Updated Feb 28, 2012

Challenge
Share
Tweet
Embed
Score 0/44 Timer 06:00
8 Plays Today
Title Female Name % Correct
Romeo + ________Juliet
96.3%
________ in WonderlandAlice
95.5%
When Harry Met ________Sally
94.8%
There's Something About ________Mary
93.9%
Forgetting ________ MarshallSarah
90.9%
________ Jones's DiaryBridget
90.6%
________ BrockovichErin
89.1%
________ AntoinetteMarie
89.1%
________'s WebCharlotte
88.9%
Driving Miss ________Daisy
88.8%
________ Croft: Tomb RaiderLara
87.1%
Me, Myself and ________Irene
85.6%
________ and LouiseThelma
85%
A Fish Called ________Wanda
79.5%
Who's Afraid of ________ Woolf? Virginia
77.3%
Victor/________Victoria
74.1%
(500) Days of ________Summer
72.2%
________ & LeopoldKate
69.4%
How ________ Got Her Groove BackStella
68.3%
Desperately Seeking ________Susan
68.2%
________'s ChoiceSophie
68.2%
________ the SpyHarriet
66%
Title Female Name % Correct
________ HallAnnie
65.5%
________: The Golden AgeElizabeth
65%
________'s Baby Rosemary
62.7%
Whatever Happened to Baby ________ ?Jane
55.4%
Raising ________Helen
55.4%
Sid & ________Nancy
49.4%
________ Getting Married Rachel
45.9%
Harold and ________Maude
45.3%
________ and Her SistersHannah
42.7%
Kissing ________ SteinJessica
39.9%
________ BrownJackie
37.7%
The Three Faces of ________Eve
34.6%
Run ________ RunLola
33%
________ Got MarriedPeggy Sue
32.2%
________'s WeddingMuriel
28.7%
The Adventures of ________, Queen of the DesertPriscilla
27.2%
________ ClaiborneDolores
24.8%
________ PierceMildred
22.1%
If ________ FellLucy
13.6%
To ________ on Her 37th BirthdayGillian
13.3%
________ and AlexanderFanny
12.6%
________'s Sense of SnowSmilla
11.9%

You're not logged in!

Compare scores with friends on all Sporcle quizzes.
Sign Up with Email
OR
Log In

You Might Also Like...

Show Comments

Extras

Top Quizzes Today


Score Distribution

Your Account Isn't Verified!

In order to create a playlist on Sporcle, you need to verify the email address you used during registration. Go to your Sporcle Settings to finish the process.